00374nam a2200145Ia 4500008004100000020001800041041001200059082001700071100003900088245002500127260003100152300001500183300001000198650002000208231221s9999 xx 000 0 und d a9790000000000 aEnglish a658.8 KAS;2 aKashyap, Pradeep. Raut, Siddhartha 0aRural marketing book c2009bBiztantraaNew Delhi axviii, 354 c58634 aRural,marketing